Visualizzazione normale
Vista MARC
- Lobo Guerrero, Bartolomé,
di Personal Name
Records bibliografici associati: 1
001 - CONTROL NUMBER
- control field: 32082
003 - CONTROL NUMBER IDENTIFIER
- control field: IT-RoINE
005 - DATE AND TIME OF LATEST TRANSACTION
- control field: 20170310084541.0
008 - FIXED-LENGTH DATA ELEMENTS
- fixed length control field: 170310|| aca||aabn | a|a d
040 ## - CATALOGING SOURCE
- Original cataloging agency: IT-RoINE
- Transcribing agency: IT-RoINE
100 ## - HEADING--PERSONAL NAME
- Personal name: Lobo Guerrero, Bartolomé,
- Titles and other words associated with a name: Arzobispo de Lima,
- Dates associated with a name: 1546-1622
670 ## - SOURCE DATA FOUND
- Source citation: Work cat.: (IT-RoINE)0: Lima (Perú : Archidiócesis). Sínodo (1613) 32081, Sínodos de Lima de 1613 y 1636 /, 1987.